00634 2200217 4500001002100000005001700021008004100038020002200079035002400101040001200125090002200137100002100159245010400180250001000284260003200294300002500326504001200351650001900363850001200382990002200394YOGYA-0212000000016520120213200747.0 ind  a978-979-383-107-7 0010-021200000000165 aYOPDYOG aDEP 001.942 Nat F aNattaya Lakshita aFenomena piring terbang :b126 penampakan UFO di Indonesia/cNattaya Lakshita; penyunting Wulandari aCet.1 aYogyakartabCakrawalac2011 a176 hlmbilusc19 cm ahlm 176 aPiring Terbang aYOPDYOG aCB-D.11-2011-1654